Estimulación temprana: 1 a 7 años (Registro nro. 9355)

Detalles MARC
000 -CABECERA
campo de control de longitud fija 00786ntm a22002897a 4500
005 - FECHA Y HORA DE ACTUALIZACIÓN
campo de control 20170503120031.0
008 - LONGITUD FIJA
campo de control de longitud fija 170503b xxu||||| |||| 00| 0 spa d
020 ## - INTERNATIONAL STANDARD BOOK NUMBER
Número Internacional Estándar del Libro 9789588177793
041 ## - IDIOMA
Código de idioma del texto/pista de sonido o título separado
082 ## - CLASIFICACIÓN DECIMAL DEWEY
Número de clasificación 618.928.588 A662e
100 ## - AUTOR PERSONAL
Nombre de persona Arango de Narváez, María Teresa
245 ## - TÍTULO PROPIAMENTE DICHO
Título Estimulación temprana: 1 a 7 años
260 ## - PIE DE IMPRENTA
Lugar de publicación, distribución, etc. Colombia
260 ## - PIE DE IMPRENTA
Nombre del editor, distribuidor, etc. Gamma
260 ## - PIE DE IMPRENTA
Fecha de publicación, distribución, etc. 2012
300 ## - DESCRIPCIÓN FÍSICA
Extensión 144 páginas
650 ## - Materia General
Materia general ESTIMULACIÓN TEMPRANA
650 ## - Materia General
Materia general ESTIMULACIÓN SOCIOAFECTIVA
650 ## - Materia General
Materia general JUEGOS
650 ## - Materia General
Materia general INTERACCIÓN SOCIAL
650 ## - Materia General
Materia general MOTRICIDAD
650 ## - Materia General
Materia general CONOCIMIENTO
650 ## - Materia General
Materia general CREATIVIDAD
650 ## - Materia General
Materia general ÁREA SENSORIAL
650 ## - Materia General
Materia general PADRES
942 ## - Punto de Acceso Adicional Koha
Tipo de ítem Koha Libro
Existencias
Estado perdido Estado dañado No para préstamo Biblioteca permanente Biblioteca actual Signatura completa Código de barras Precio efectivo a partir del Tipo de ítem
      Departamento de Biblioteca y Documentación Alfonso Chase Brenes Departamento de Biblioteca y Documentación Alfonso Chase Brenes 618.928.588 A662e 22195 03/05/2017 Libro